|
|
|
|
| LEADER |
01096nam a2200253 i 4500 |
| 001 |
c000128708 |
| 003 |
CARM |
| 005 |
00000000000000.0 |
| 008 |
840316s1965 is 0 eng d |
| 019 |
1 |
|
|a 10221809
|5 LACONCORD2021
|
| 035 |
|
|
|a (OCoLC)150495271
|5 LACONCORD2021
|
| 100 |
1 |
|
|a Terent'ev, Pavel Viktorovich.
|
| 245 |
1 |
0 |
|a Key to amphibians and reptiles /
|c [by] P.V. Terent'ev and S.A. Chernov ; Translated from Russian [by L. Kochva].
|
| 250 |
|
|
|a 3d enl. ed.
|
| 260 |
|
|
|a Jerusalem, Israel :
|b Program for Scientific Translations,
|c 1965.
|
| 300 |
|
|
|a 315 p. :
|b illus.
|
| 500 |
|
|
|a "Approved by the Ministry of Higher Education of the USSR as a textbook for students of biology and .
|
| 500 |
|
|
|a Bibliography: p. 258-267.
|
| 650 |
|
0 |
|a Amphibians
|z Soviet Union.
|
| 650 |
|
0 |
|a Reptiles
|z Soviet Union.
|
| 700 |
1 |
|
|a Chernov, Stepan Andreevich.
|
| 852 |
8 |
|
|b CARM
|h A2:AD16E0
|i C00540
|p 0031611
|f BK
|
| 999 |
f |
f |
|i 8c03d8ec-f21a-5063-b360-c86c6dfb01d1
|s 5b37c4fe-54e8-5253-ad0c-492c9b2d2e43
|
| 952 |
f |
f |
|p Can circulate
|a CAVAL
|b CAVAL
|c CAVAL
|d CARM 1 Store
|e C00540
|f A2:AD16E0
|h Other scheme
|i book
|m 0031611
|